العصفورة الباكية / (رقم التسجيلة. 103686)
[ عرض عادي ]
| 000 -LEADER | |
|---|---|
| fixed length control field | 00771nam a22002417a 4500 |
| 005 - DATE AND TIME OF LATEST TRANSACTION | |
| control field | 20251108173428.0 |
| 008 - FIXED-LENGTH DATA ELEMENTS--GENERAL INFORMATION | |
| fixed length control field | 250721s2004 xx 000 0 ara d |
| 020 ## - INTERNATIONAL STANDARD BOOK NUMBER | |
| International Standard Book Number | 9953370494 |
| 082 14 - DEWEY DECIMAL CLASSIFICATION NUMBER | |
| Classification number | ط/ق/فقي |
| 100 1# - MAIN ENTRY--PERSONAL NAME | |
| Personal name | فقيه، شادي |
| 245 10 - TITLE STATEMENT | |
| Title | العصفورة الباكية / |
| 264 1# - PRODUCTION, PUBLICATION, DISTRIBUTION, MANUFACTURE, AND COPYRIGHT NOTICE | |
| Place of production, publication, distribution, manufacture | بيروت : |
| Name of producer, publisher, distributor, manufacturer | اكاديميا انترناشيونال، |
| Date of production, publication, distribution, manufacture, or copyright notice | 2004. |
| 300 ## - PHYSICAL DESCRIPTION | |
| Extent | 23ص |
| 490 0# - SERIES STATEMENT | |
| Series statement | اروع القصص الحيوان في الحديث النبوي |
| 650 17 - SUBJECT ADDED ENTRY--TOPICAL TERM | |
| Topical term or geographic name as entry element | القصص القصيرة |
| 650 17 - SUBJECT ADDED ENTRY--TOPICAL TERM | |
| Topical term or geographic name as entry element | الحيوانات |
| 650 17 - SUBJECT ADDED ENTRY--TOPICAL TERM | |
| Topical term or geographic name as entry element | الحديث الشريف |
| 650 17 - SUBJECT ADDED ENTRY--TOPICAL TERM | |
| Topical term or geographic name as entry element | ادب الاطفال |
| 653 ## - INDEX TERM--UNCONTROLLED | |
| Uncontrolled term | ناشئون صغار(10-14)سنوات |
| 700 1# - ADDED ENTRY--PERSONAL NAME | |
| Personal name | ميران، فؤاد |
| Relator term | Draft. |
| 942 ## - ADDED ENTRY ELEMENTS (KOHA) | |
| Source of classification or shelving scheme | Dewey Decimal Classification |
| Koha item type | كتب |
| حالة السحب | حالة الفقدان | مصدر التصنيف | حالة التلف | غير قابل للإعارة | المكتبة الرئيسية | المكتبة الحالية | موقع الرف | تاريخ التزويد | الرقم المتسلسل | Total Checkouts | رقم الإستدعاء | الباركود | تاريخ آخر ظهور | تاريخ الفاتورة | نوع المادة (كوها) |
|---|---|---|---|---|---|---|---|---|---|---|---|---|---|---|---|
| Dewey Decimal Classification | المكتبة المركزية | المكتبة المركزية | الأطفال | 28/07/2025 | 1070562 | ط/ق/فقي | 1070562 | 28/07/2025 | 28/07/2025 | كتب | |||||
| Dewey Decimal Classification | مكتبة قتيبة للأطفال | مكتبة قتيبة للأطفال | الأطفال | 28/07/2025 | 1070560 | ط/ق/فقي | 1070560 | 28/07/2025 | 28/07/2025 | كتب | |||||
| Dewey Decimal Classification | مكتبة أم المؤمنين للأطفال | مكتبة أم المؤمنين للأطفال | الأطفال | 28/07/2025 | 1070567 | ط/ق/فقي | 1070567 | 28/07/2025 | 28/07/2025 | كتب | |||||
| Dewey Decimal Classification | مكتبة الأميرة ايمان العامة | مكتبة الأميرة ايمان العامة | الإعارة | 28/07/2025 | 1070564 | ط/ق/فقي | 1070564 | 28/07/2025 | 28/07/2025 | كتب | |||||
| Dewey Decimal Classification | مكتبة الاميرة بديعة | مكتبة الاميرة بديعة | الأطفال | 28/07/2025 | 1070566 | ط/ق/فقي | 1070566 | 28/07/2025 | 28/07/2025 | كتب | |||||
| Dewey Decimal Classification | مكتبة البيادر | مكتبة البيادر | الأطفال | 28/07/2025 | 1070559 | ط/ق/فقي | 1070559 | 28/07/2025 | 28/07/2025 | كتب | |||||
| Dewey Decimal Classification | مكتبة صويلح العامة | مكتبة صويلح العامة | الأطفال | 28/07/2025 | 1070563 | ط/ق/فقي | 1070563 | 28/07/2025 | 28/07/2025 | كتب | |||||
| Dewey Decimal Classification | مكتبة عدن للأطفال | مكتبة عدن للأطفال | الأطفال | 28/07/2025 | 1070561 | ط/ق/فقي | 1070561 | 28/07/2025 | 28/07/2025 | كتب |